Introduction to the practice of Statistics
Guardat en:
| Autors principals: | , , |
|---|---|
| Format: | Llibre |
| Idioma: | anglès |
| Publicat: |
Nueva York
W. H. Freeman and Company
2009
|
| Edició: | 6a. ed |
| Matèries: | |
| Etiquetes: |
Afegir etiqueta
Sense etiquetes, Sigues el primer a etiquetar aquest registre!
|
MARC
| LEADER | 00000cam a2200000 a 4500 | ||
|---|---|---|---|
| 001 | UCD1581 | ||
| 003 | CL-VaPUC | ||
| 008 | 160316e20090000us |||||||||||||||||eng|d | ||
| 020 | |a 978429216227 | ||
| 082 | 0 | 4 | |a 519.5 |b MOO |2 21 |
| 100 | |a Moore, David S. |e autor |9 584684 | ||
| 700 | 0 | |a McCabe, George P |e author |9 584685 | |
| 700 | 0 | |a Craig, Bruce A |e author |9 584686 | |
| 245 | 1 | 0 | |a Introduction to the practice of Statistics |
| 250 | |a 6a. ed | ||
| 300 | |a 709 p | ||
| 942 | |c BK | ||
| 945 | |d 20160316 17:23:00 |a dcastane | ||
| 260 | |a Nueva York |b W. H. Freeman and Company |c 2009 | ||
| 500 | |a Incluye CD | ||
| 650 | 0 | |a Estadística matemática |9 260028 | |
| 650 | 0 | |a Datos estadísticos |9 329380 | |
| 650 | 0 | |a Métodos estadísticos |9 259407 | |
| 583 | |a last modification |c 20160316 17:23:00 |k Rodrigo Vera | ||
| 999 | |c 362855 |d 362853 | ||
| 952 | |0 0 |1 0 |3 erd |4 0 |6 519_500000000000000_MOO_2009 |7 0 |8 A |9 474388 |a BIBGIM |b BIBGIM |i 5267080 |o 519.5 MOO 2009 |p 5267080 |r 2025-01-15 |w 2019-11-24 |y BK |z Catalogado en:20160316 |k EST | ||